Регионална библиотека "Любен Каравелов" - Русе

Четырнадцать беседъ законоучителя съ учениками о любви Бога къ детямъ и къ всем людямъ (Запис номер 391796)

MARC детайли
000 -Лидер
Контролно поле с фиксирана дължина nmm a22 a 4500
003 - Код на организацията, давaща контролен номер
Контролно поле BLK
005 - Дата и час на последна редакция
Контролно поле 20210616154315.0
008 - Елементи от данни с фиксирана дължина
fixed length control field 201127b bu ||||| |||| 00| 0 bu d
037 ## - Източник за комплектуване - предоставяща организация
Предоставяща организация (билиотека) Русенската митрополия
Баркод или инв.номер в предоставящата организация 100000000177
040 ## - Източник на каталожния запис
Идентификатор на билиотеката - собственик на записа BLK
041 ## - Код за език
Код за езика на текст/звукозапис или на отделно заглавие Руски
Код за езика КДБФ Руски
080 ## - УДК
Текстов определител УДК Религиозна етика. Религиозен закон. Морален идеал. Вж и 241
УДК код - определител по УДК 291.5
УДК - код + определител 291.5
139 ## - Редно поле
Редна дума Четырнадцать беседъ законоучителя съ учениками о любви Бога къ детямъ и къ всем людямъ
Авторски знак Чет - Ч 75
245 ## - Сведения за заглавието
Заглавие Четырнадцать беседъ законоучителя съ учениками о любви Бога къ детямъ и къ всем людямъ
257 ## - Страна на издаване
Страна на създаване/издаване Русия
260 ## - Област на издателските данни
9 (RLIN) 436440
Място на издаване, разпространение и проч. Москва
Име на издателя, разпространителя и проч. Типография П.Д. Сытина
Година на издаване 1900
300 ## - Физическа характеристика
Страници 49 с.
Размери/Мащаб 25 см
380 ## - Жанр
Жанр Религия. Теология
490 ## - СЕРИИ (Колекции)
9 (RLIN) 410374
Име на серия Писмените съкровища на Долен Дунав
500 ## - Общи забележки
Забележка Книгата е от библиотеката при Русенската митрополия по проект "Писмените съкровища на Долен Дунав"
650 #0 - Допълнително описание по предмет – тема
9 (RLIN) 242678
Основно описание – тема или топоним Морал, религиозен
653 #7 - Ключова дума – ненормативна
9 (RLIN) 195437
Ключова дума религиозен морал
852 ## - Местоположение
Систематично-азбучна сигнатура 291.5/Ч 75
856 ## - Електронен адрес и достъп
Електронен формат pdf - файл
Път до файла /url/ http://87.120.137.51:18080/cgi-bin/koha/opac-retrieve-file.pl?id=79d63e8b3607066b10c438d3d5b387e3
999 ## - СИСТЕМНИ КОНТРОЛНИ НОМЕРА
Koha biblionumber 391796
Koha biblioitemnumber 391796
942 ## - АРТИКУЛИ
Вид на библиотечния материал Електронен екземпляр
Скрит в OPAC Не
Периодичен библиозапис Да
944 ## - СЪЗДАВАНЕ И РЕДАКЦИЯ на ЗАПИСА
Създаване/Редакция Създаване
Дата на регистрацията/редакция 2020-11-27
Служител, извършил регистрацията/редакцията Христина Везирева
999 ## - СИСТЕМНИ КОНТРОЛНИ НОМЕРА
Koha biblioitemnumber 391796
999 ## - СИСТЕМНИ КОНТРОЛНИ НОМЕРА
Koha biblioitemnumber 391796
999 ## - СИСТЕМНИ КОНТРОЛНИ НОМЕРА
Koha biblioitemnumber 391796
999 ## - СИСТЕМНИ КОНТРОЛНИ НОМЕРА
Koha biblioitemnumber 391796
999 ## - СИСТЕМНИ КОНТРОЛНИ НОМЕРА
Koha biblioitemnumber 391796
Наличности
Код за отписване Код за изгубен артикул Източник на класификационната схема Код за повреда Коз за рестрикции Код за отдаване Артикулен № Име на библиотеката - собственик Име на библиотеката, в която се намира в момента Статус (Текущо местоположение) Дата на вписване в системата Местоположение - отдел Цена в лева Инвентарен номер Баркод Цена в евро Служебен тип на артикула
  Не е изгубен Universal Decimal Classification Не е повреден без рестрикции заемане за дома 817347 Регионална библиотека "Любен Каравелов" Русе Регионална библиотека "Любен Каравелов" Русе ROBG-290 Писмените съкровища на Долен Дунав 2021-03-19 ROBG-290 Писмените съкровища на Долен Дунав 0.00 100000000177 700000001104 0.00 Електронен екземпляр
Vip Innovations Ltd, Rousse, Bulgaria 2025